000 00533nam a22001457a 4500
999 _c19325
_d19325
008 240223b ||||| |||| 00| 0 eng d
020 _a9781119842200
082 _aDC 003.3
_bD569 2023
245 _aDigital twin technology :
_bfundamentals and applications /
_cedited by Manisha Vohra
260 _aHoboken, NJ :
_bScrivener Publishing LLC,
_c©2023.
300 _axviii, 252 pages :
_billustrations ;
_c23 cm.
500 _aIncludes references and index.
650 _aDigital twins (Computer simulation).
_953192
942 _2ddc
_cDC